000
00302nam a22001097a 4500
003
SGT
082
_a
370,ARC
100
_a
Archana Singh-201001004
245
_a
reer Planning and Higher Education among Post Graduaction Students of SGT University , Gurugaon , Haryana
260
_c
2020
942
_2
ddc
_c
TH
999
_c
29411
_d
29411